ব্যতিক্রমী শিশু ও বিশেষ শিক্ষা / (Record no. 2572)

MARC details
000 -LEADER
fixed length control field 00957nam a22002297a 4500
003 - CONTROL NUMBER IDENTIFIER
control field BD-DhJNU
005 - DATE AND TIME OF LATEST TRANSACTION
control field 20260127053223.0
008 - FIXED-LENGTH DATA ELEMENTS--GENERAL INFORMATION
fixed length control field 260127b |||||||| |||| 00| 0 eng d
020 ## - INTERNATIONAL STANDARD BOOK NUMBER
International Standard Book Number 9789843307507
040 ## - CATALOGING SOURCE
Original cataloging agency BD-DhJNU
Language of cataloging ENG
Transcribing agency BD-DhJNU
Modifying agency BD-DhJNU
082 ## - DEWEY DECIMAL CLASSIFICATION NUMBER
Edition number 23
Classification number 371.9 HOB
100 ## - MAIN ENTRY--PERSONAL NAME
Personal name হোসেন, শেখ আমজাদ
242 ## - TRANSLATION OF TITLE BY CATALOGING AGENCY
Title Exceptional children and special education
Statement of responsibility, etc. Sheikh Amjad Hossain
245 ## - TITLE STATEMENT
Title ব্যতিক্রমী শিশু ও বিশেষ শিক্ষা /
Statement of responsibility, etc. ড. শেখ আমজাদ হোসেন
246 ## - VARYING FORM OF TITLE
Title proper/short title Batikromi sishu o bishes shikha
260 ## - PUBLICATION, DISTRIBUTION, ETC.
Place of publication, distribution, etc. ঢাকা :
Name of publisher, distributor, etc. প্রভাতী লাইব্রেরী,
Date of publication, distribution, etc. 2023.
300 ## - PHYSICAL DESCRIPTION
Extent ৩০৪পৃ. :
Other physical details চিত্র;
Dimensions ২২সেমি.।
504 ## - BIBLIOGRAPHY, ETC. NOTE
Bibliography, etc. note গ্রন্থপঞ্জী সম্বলিত
650 ## - SUBJECT ADDED ENTRY--TOPICAL TERM
Topical term or geographic name entry element বিশেষ শিক্ষা
650 ## - SUBJECT ADDED ENTRY--TOPICAL TERM
Topical term or geographic name entry element Special Education
942 ## - ADDED ENTRY ELEMENTS (KOHA)
Source of classification or shelving scheme Dewey Decimal Classification
Koha item type Books
Suppress in OPAC No
Holdings
Withdrawn status Lost status Source of classification or shelving scheme Damaged status Not for loan Collection Home library Current library Shelving location Date acquired Source of acquisition Total checkouts Full call number Barcode Date last seen Copy number Price effective from Koha item type
    Dewey Decimal Classification     Non-fiction Jagannath University Central Library Jagannath University Central Library General stacks 01/27/2026 Purchased   371.9 HOB JNUCL35506 01/27/2026 1 01/27/2026 Books
    Dewey Decimal Classification     Non-fiction Jagannath University Central Library Jagannath University Central Library General stacks 01/27/2026 Purchased   371.9 HOB JNUCL35505 01/27/2026 2 01/27/2026 Books
    Dewey Decimal Classification     Non-fiction Jagannath University Central Library Jagannath University Central Library General stacks 01/27/2026 Purchased   371.9 HOB JNUCL35504 01/27/2026 3 01/27/2026 Books
    Dewey Decimal Classification     Non-fiction Jagannath University Central Library Jagannath University Central Library General stacks 01/27/2026 Purchased   371.9 HOB JNUCL35503 01/27/2026 4 01/27/2026 Books
    Dewey Decimal Classification     Non-fiction Jagannath University Central Library Jagannath University Central Library General stacks 01/27/2026 Purchased   371.9 HOB JNUCL35502 01/27/2026 5 01/27/2026 Books
    Dewey Decimal Classification     Non-fiction Jagannath University Central Library Jagannath University Central Library General stacks 01/27/2026 Purchased   371.9 HOB JNUCL35501 01/27/2026 6 01/27/2026 Books